00479 2200169 4500001002100000005001500021008004100036020002700077035001900104041000800123082000800131084002400139245006400163650002300227650002100250650003800271INLIS00000000000839520200508204351200508||||||||| | ||| |||| ||ind|| aISBN xxx-xxxxx-x-x-347 0010-0520008395 aind0 aPUT aPUT/342.0709598/PAT00aPHPU Tahun 2009 Calon Anggota Legislatif DPR, DPD, dan DPRD 0aElection-Indonesia 0aVoting-Indonesia 0aLegislative Bodies-Indonesia-2009